01011cam a2200229 a 450000100100000000500170001000800410002708200180006810000360008624501150012226000590023730000270029649000430032350000540036665100510042071000690047183000500054091000340059095201290062499900150075304000130076800000116920200929145507.0860731s1956 cu a 000 0 spa  a972.91bR459l1 aReyna Cossío, René E.9398813aEl Lazo de la invasión, 24-31 de diciembre, 1895 :bestudio histórico-militar /cRené E. Reyna Cossío. aHabana :bOficina del Historiador de la Ciudad,c1956. a32 p. :bil. ;c23 cm.1 aCuadernos de historia habaneravno. 61 aNotas preliminares de Emilio Roig de Leuchsenring 4aCubaxHistoriayREVOLUCIÓN, 1895-1898.939892 aSociedad Cubana de Estudios Históricos e Internacionales93990 0aCuadernos de historia habanera;vno. 6193453 aCatalogación por copia / LC 001052758DSaBNPHUbBNPHUcCTd2009-09-18iLF1l0o972.91 R459lp1169-10r2020-06-25w2020-06-25yLF1ZPréstamo interno c1122d1122 aDO-SdBNP